| 000 | 00808pam a2200241 a 4500 | ||
|---|---|---|---|
| 001 | 1071922 | ||
| 005 | 20180117042033.0 | ||
| 008 | 911017s1992 nyu b 001 0 eng | ||
| 010 | _a 91039815 | ||
| 020 | _a027593649X (alk. paper) | ||
| 040 |
_aDLC _cDLC _dDLC |
||
| 041 | _aeng | ||
| 043 | _an-us--- | ||
| 080 | _a370.973 ALL | ||
| 082 | 0 | 0 |
_a370.973 ALL _220 |
| 100 | 1 | _a47 | |
| 101 | _aEDU | ||
| 245 | 1 | 0 |
_aSchools for a new century : _cDwight W. Allen ; foreword by Terell H. Bell. |
| 504 | _aIncludes bibliographical references (p. [169]-174) and index. | ||
| 906 |
_a7 _bcbc _corignew _d1 _eocip _f19 _gy-gencatlg |
||
| 942 |
_2ddc _cBK |
||
| 999 |
_c40425 _d40425 |
||